Κατάλογος Βιβλιοθηκών Mediterranean College

Γνωρίστε τη φωτογραφική μηχανή / Αξιοποιήστε τις Δυνατότες της, Τι είναι το Κάθε Κουμπί, Τι Κάνει Κάθε εικονίδιο, Πως θα Κάνετε Απλή και Εύκολη τη Χρήση της (Record no. 3069)

MARC details
000 -LEADER
fixed length control field 01085cam a22001814a 4500
005 - ΗΜΕΡΟΜΗΝΙΑ ΚΑΙ ΩΡΑ ΤΕΛΕΥΤΑΙΑΣ ΕΝΗΜΕΡΩΣΗΣ
Πεδίο ελέγχου 20250605163350.0
008 - FIXED-LENGTH DATA ELEMENTS--GENERAL INFORMATION
Πεδίο ελέγχου σταθερού μήκους 250528s ||||||||||||||||||||||||d
035 ## - SYSTEM CONTROL NUMBER
System control number 17667
020 ## - ISBN
ISBN 9786185112035
040 ## - ΠΗΓΗ ΚΑΤΑΛΟΓΟΓΡΑΦΗΣΗΣ
Φορέας πρωτότυπης καταλογογράφησης MC Athens Campus Library
Γλώσσα καταλογογράφησης Ελληνικά, Μοντέρνα (1453-)
Modifying agency MC Athens Campus Library
Κανόνες περιγραφικής καταλογογράφησης AACR2
245 1# - ΤΙΤΛΟΣ ΚΑΙ ΔΗΛΩΣΗ ΥΠΕΥΘΥΝΟΤΗΤΑΣ
Τίτλος Γνωρίστε τη φωτογραφική μηχανή / Αξιοποιήστε τις Δυνατότες της, Τι είναι το Κάθε Κουμπί, Τι Κάνει Κάθε εικονίδιο, Πως θα Κάνετε Απλή και Εύκολη τη Χρήση της
260 ## - PUBLICATION, DISTRIBUTION, ETC.
Name of publisher, distributor, etc. Digerati,
Date of publication, distribution, etc. 2014
300 ## - PHYSICAL DESCRIPTION
Extent 98
520 ## - SUMMARY, ETC.
Summary, etc. Εξωτερική Σχεδίαση και Χαρακτηριστικά, Εισαγωγή, Μπροστινή Πλευρά, Κάτω Πλευρα, Πίσω Πλευρά, Μάθετε τα Απαραίτητα, Ανάλυση Φωτογραφίας, Μάθετε τα Απαραίτητα για το Βίντεο, Ισορροπία Λευκού, Βασικές Ρυθμίστεις (Set Up), Σωστό Κράτημα.
942 ## - ADDED ENTRY ELEMENTS (KOHA)
Koha item type Books
Holdings
Τύπος τεκμηρίου Βιβλιοθήκη Τρέχουσα τοποθεσία Barcode Αριθμός εισαγωγής Ημερομηνία απόκτησης Ταξιθετικό σύμβολο Αριθμός αντιτύπου Κατάσταση απόσυρσης Κατάσταση χαμένου Κατάσταση κατεστραμμένου Μη δανεισμός Σύνολο δανεισμών Ημερομηνία τελευταίας εμφάνισης Η τιμή ισχύει από
Books MC Athens Campus Library MC Athens Campus Library 9780000030689 6013 05/06/2025 005.1 DIG 1           05/06/2025 05/06/2025

MC Athens Campus Library
Πατησίων 94 & Κοδριγκτώνος 13, 104 34
Πελλήνης 8 & Πατησίων 107, 112 51
Τ: +30 210 8899600

MC Thessaloniki Campus Library
Ίωνος Δραγούμη 21, 54625 | Ίωνος Δραγούμη 15, 54625
Τ: +30 2310 287779 – Τ: +30 2314 440300